Widest ever price gulf between the north and south (Record no. 112854)

MARC details
000 -LEADER
fixed length control field 01141cad a22002295a 4500
001 - CONTROL NUMBER
control field L154126
008 - FIXED-LENGTH DATA ELEMENTS--GENERAL INFORMATION
fixed length control field 111018s20111017 d f s 000 0 eng u
035 ## - SYSTEM CONTROL NUMBER
System control number (Sirsi) u154126
041 0# - LANGUAGE CODE
Language code of text/sound track or separate title eng
050 ## - LIBRARY OF CONGRESS CALL NUMBER
Classification number 333.33 $2 18
110 2# - MAIN ENTRY--CORPORATE NAME
Corporate name or jurisdiction name as entry element Rightmove
245 00 - TITLE STATEMENT
Title Widest ever price gulf between the north and south
Medium [electronic resource]
260 ## - PUBLICATION, DISTRIBUTION, ETC.
Place of publication, distribution, etc. London
Name of publisher, distributor, etc. Rightmove
Date of publication, distribution, etc. 2011
490 00 - SERIES STATEMENT
Series statement Rightmove House Price Index
Volume/sequential designation October 2011
520 ## - SUMMARY, ETC.
Summary, etc. National rise of 2.8% (£6 533) in new sellers' asking prices masks two-tier UK property market. Asking prices in the south rise by 4.7% to set new records while the north falls back 0.7% to levels firstachieved over six years ago in May 2005. Average property prices in the south (£336 743) are now more than double those in the north (£164 347.) Year on year growth is 1.5%.
590 ## - LOCAL NOTE (RLIN)
Local note KA
650 24 - SUBJECT ADDED ENTRY--TOPICAL TERM
Topical term or geographic name entry element RIGHTMOVE HOUSE PRICE INDEX
651 #4 - SUBJECT ADDED ENTRY--GEOGRAPHIC NAME
Geographic name United Kingdom
Chronological subdivision
690 ## - LOCAL SUBJECT ADDED ENTRY--TOPICAL TERM (OCLC, RLIN)
Topical term or geographic name as entry element PROPERTY-RESIDENTIAL PROPERTY-RESIDENTIAL PROPERTY MARKET
856 40 - ELECTRONIC LOCATION AND ACCESS
Uniform Resource Identifier <a href="https://www.rightmove.co.uk/news/files/2011/10/october-2011.pdf">https://www.rightmove.co.uk/news/files/2011/10/october-2011.pdf</a>
Public note View the item free of charge at www.rightmove.co.uk
942 ## - ADDED ENTRY ELEMENTS (KOHA)
Suppress in OPAC 0
Holdings
Withdrawn status Lost status Source of classification or shelving scheme Damaged status Not for loan Home library Current library Shelving location Date acquired Total Checkouts Full call number Barcode Date last seen Copy number Price effective from Koha item type
    Dewey Decimal Classification     London London Books 18/10/2011   ONLINE PUBLICATION 154126-1001 06/08/2019 1 06/08/2019 Book